Segunda parte de la vida del pícaro Guzmán de Alfarache / (Registro nro. 106044)
[ vista simple ]
| 000 -LEADER | |
|---|---|
| campo de control de longitud fija | 01321nam a2200289 i 4500 |
| 001 - NÚMERO DE CONTROL | |
| campo de control | 106044 |
| 003 - IDENTIFICADOR DE NÚMERO DE CONTROL | |
| campo de control | ES-MaACL |
| 005 - FECHA Y HORA DE LA ÚLTIMA TRANSACCIÓN | |
| campo de control | 20251115063249.0 |
| 007 - CAMPO FIJO DE DESCRIPCIÓN FÍSICA--INFORMACIÓN GENERAL | |
| campo de control de longitud fija | t| |
| 008 - DATOS DE LONGITUD FIJA--INFORMACIÓN GENERAL | |
| campo de control de longitud fija | 060922s1947 ag |||| | spa d |
| 080 ## - NÚMERO DE LA CLASIFICACIÓN DECIMAL UNIVERSAL | |
| Número de la Clasificación Decimal Universal | 821.134.2-31"15" |
| 100 1# - ENTRADA PRINCIPAL--NOMBRE DE PERSONA | |
| Nombre de persona | Luján de Sayavedra, Mateo, |
| Fechas asociadas al nombre | ca. 1560-1604 |
| 9 (RLIN) | 162929 |
| 245 10 - MENCIÓN DEL TÍTULO | |
| Título | Segunda parte de la vida del pícaro Guzmán de Alfarache / |
| Mención de responsabilidad, etc. | por Mateo Luján de Sayavedra |
| Resto del título | . Historia del abencerraje y la hermosa Jarifa / por Antonio de Villegas / [prólogo, Luisa Sofovich]. |
| 246 10 - FORMA VARIANTE DEL TITULO | |
| Título propio/Titulo breve | Historia del abencerraje y la hermosa Jarifa |
| 246 10 - FORMA VARIANTE DEL TITULO | |
| Texto de visualización | Precede al tít. |
| Título propio/Titulo breve | Novelistas anteriores a Cervantes |
| 250 ## - MENCION DE EDICION | |
| Mención de edición | Ed. publ. en homenaje al 4º Centenario del Nacimiento de don Miguel de Cervantes Saavedra, 1547-1947 |
| Resto de la mención de edición | al cuidado de Luisa Sofovich. |
| 260 ## - PUBLICACIÓN, DISTRIBUCIÓN, ETC. | |
| Lugar de publicación, distribución, etc. | Buenos Aires : |
| Nombre del editor, distribuidor, etc. | Lautaro, |
| Fecha de publicación, distribución, etc. | 1947. |
| 300 ## - DESCRIPCIÓN FÍSICA | |
| Extensión | 213 p. ; |
| Dimensiones | 19 cm. |
| 490 1# - MENCIÓN DE SERIE | |
| Mención de serie | Pingüino ; |
| Designación de volumen o secuencia | CL 1. |
| Mención de serie | Clásicos |
| 700 1# - ENTRADA AGREGADA--NOMBRE PERSONAL | |
| Nombre de persona | Villegas, Antonio de. |
| 9 (RLIN) | 115201 |
| 700 1# - ENTRADA AGREGADA--NOMBRE PERSONAL | |
| Nombre de persona | Sofovich, Luisa. |
| 9 (RLIN) | 162928 |
| 740 32 - ENTRADA AGREGADA--TÍTULO RELACIONADO/ANALÍTICO NO CONTROLADO | |
| Título relacionado o analítico no controlado | El abencerraje y la hermosa Jarifa. |
| 830 0# - PUNTO DE ACCESO ADICIONAL DE SERIE-TÍTULO UNIFORME | |
| Título uniforme | Pingüino ; |
| Designación de volumen o secuencia | CL 1. |
| Título uniforme | Clásicos |
| 9 (RLIN) | 232806 |
| 852 ## - LOCALIZACIÓN | |
| Ubicación | ES-MaACL |
| Número de control de estantería | AND-711 |
| Nota libre | . - Biblioteca Juan Andrade |
| 852 ## - LOCALIZACIÓN | |
| Ubicación | ES-MaACL |
| Número de control de estantería | L-31658 |
| Nota libre | . - Donat. herederos de la bibl. de Mª del Pilar Costa Palacín |
| Estatus retirado | Estado de pérdida | Estado de daño | No para préstamo | Biblioteca de origen | Biblioteca actual | Ubicación en estantería | Fecha de adquisición | Fuente de adquisición | Total de préstamos | Signatura topográfica completa | Código de barras | Visto por última vez | Precio de reemplazo | Tipo de ítem Koha |
|---|---|---|---|---|---|---|---|---|---|---|---|---|---|---|
| Biblioteca del Ateneo de Madrid | Biblioteca del Ateneo de Madrid | Depósito 2 | 31/05/2017 | L-31658 | 1197672 | 23/02/2023 | 23/02/2023 | Libro impreso | ||||||
| Biblioteca del Ateneo de Madrid | Biblioteca del Ateneo de Madrid | Depósito 2 | 17/01/2008 | AND-711 | 1110706 | 23/02/2023 | 23/02/2023 | Libro impreso |
